Отечественные школы катодной электроники; Наукоемкие технологии; № 2

Bibliographische Detailangaben
Parent link:Наукоемкие технологии: научно-технический журнал.— , 2001-
№ 2.— 2003.— С. 95-100
1. Verfasser: Есаулов Н. П.
Weitere Verfasser: Иванченко Н. О.
Sprache:Russisch
Veröffentlicht: 2003
Schriftenreihe:Технологии экологически чистого изготовления элементов катодов
Schlagworte:
Format: MixedMaterials Buchkapitel
KOHA link:https://koha.lib.tpu.ru/cgi-bin/koha/opac-detail.pl?biblionumber=385428

MARC

LEADER 00000naa2a2200000 4500
001 385428
005 20231101063352.0
035 |a (RuTPU)RU\TPU\prd\13303 
090 |a 385428 
100 |a 20030505a2003 k y0rusy50 ca 
101 0 |a rus 
102 |a RU 
200 1 |a Отечественные школы катодной электроники  |f Н. П. Есаулов, Н. О. Иванченко 
225 1 |a Технологии экологически чистого изготовления элементов катодов 
461 1 |0 (RuTPU)RU\TPU\prd\1139  |t Наукоемкие технологии  |o  научно-технический журнал  |d 2001- 
463 1 |0 (RuTPU)RU\TPU\prd\13055  |t № 2  |v С. 95-100  |d 2003 
610 1 |a катодная электроника 
610 1 |a патентные исследования 
610 1 |a анализ 
610 1 |a катодная техника 
610 1 |a оценка 
700 1 |a Есаулов  |b Н. П. 
701 1 |a Иванченко  |b Н. О. 
801 1 |a RU  |b 63413507  |c 20030505  |g PSBO 
942 |c BK